000 00649nam a2200229Ia 4500
003 OSt
005 20260416101700.0
008 220923b |||||||| |||| 00| 0 eng d
020 _a1576079503
037 _cGeneral Book
040 _aRTL
_cRTL
_beng
041 _2eng
_aeng
084 _aY:484, P3
_qRTL
100 _aHastedt Glenn
_9247261
245 0 _aEspionage: a Reference Handbook
260 _aCalfornia
_bABC-CLIO INC
_c2003
300 _axiv, 225 p.
_bIncludes bibliographical references and index
500 _aIndex:211
650 _aSociology
942 _hY:484, P3
_cGB
_2CC
999 _c491587
_d491587